[Event "XXIV Open"]
[Site "Cappelle La Grande FRA"]
[Date "2008.02.19"]
[Round "5"]
[White "Zawadzki,S"]
[Black "Kienitz,A"]
[Result "1/2-1/2"]
[WhiteElo "2436"]
[BlackElo "2193"]
[EventDate "2008.02.16"]

1. Nf3 c5 2. e4 g6 3. d4 cxd4 4. Nxd4 Nc6 5. c4 Nf6 6. Nc3 d6 7. Be2 Nxd4
8. Qxd4 Bg7 9. Bg5 O-O 10. Qd2 Be6 11. O-O Qa5 12. b3 Rfc8 13. Rab1 Qb4 14.
Rfc1 a6 15. Bf3 Rab8 16. Be3 Nd7 17. Be2 b5 18. Nd5 Qxd2 19. Bxd2 Bxd5 20.
cxd5 Nc5 21. Bg4 Re8 22. f3 b4 23. Rc4 a5 24. Kf1 Rb7 25. Ke2 Kf8 26. Be3
Rc7 27. Rbc1 Bc3 28. a4 Rb8 29. Bxc5 Rxc5 30. Rxc5 dxc5 31. Kd3 Ke8 32. Kc4
Bd4 33. Re1 Kd8 34. e5 Kc7 35. f4 Rb6 36. Bf3 Kd7 37. g4 Kc7 38. Re2 Rb8
39. Kd3 Kb6 40. Kc4 Rd8 41. h4 h6 42. Bh1 Bc3 43. Bg2 Bd4 44. Bf3 Bc3 45.
e6 f6 46. Be4 g5 47. fxg5 fxg5 48. hxg5 hxg5 49. Bg6 Bd4 50. Rh2 Kc7 51.
Bf5 1/2-1/2

[Event "XXIV Open"]
[Site "Cappelle La Grande FRA"]
[Date "2008.02.19"]
[Round "5"]
[White "Recuero Guerra,D"]
[Black "Nanjo,R"]
[Result "1/2-1/2"]
[WhiteElo "2424"]
[BlackElo "2177"]
[EventDate "2008.02.16"]

1. e4 c5 2. Nf3 d6 3. d4 cxd4 4. Nxd4 Nf6 5. Nc3 a6 6. Be3 e6 7. f3 b5 8.
Qd2 Nbd7 9. O-O-O Bb7 10. Kb1 Nb6 11. Bd3 Rc8 12. Rhe1 Be7 13. g4 Nfd7 14.
f4 Nc5 15. Qg2 b4 16. Nce2 Nba4 17. g5 Qc7 18. Rc1 g6 19. h4 d5 20. e5 Qa5
21. Nb3 Nxb3 22. cxb3 Nc5 23. Bxc5 Bxc5 24. f5 gxf5 25. Nf4 Qb6 26. Qf3 Kd8
27. Qh5 Rc7 28. Qh6 Kc8 29. Qg7 Rd8 30. Qxh7 Kb8 31. g6 fxg6 32. Qxg6 Rc6
33. h5 Rdc8 34. Ne2 Be3 35. Rxc6 Qxc6 36. h6 a5 37. Ka1 Ba6 38. Bxa6 Qxa6
39. Qh5 Bd2 40. Rb1 a4 41. bxa4 Bxh6 42. Qxh6 Qxe2 43. Qxe6 Qe4 44. Qd6+
Kb7 45. a5 Qc4 46. e6 Qc5 47. a6+ Ka7 48. Qe5 d4 49. Qe2 Rc7 50. Qd3 Re7
51. Re1 f4 52. Kb1 Qd5 53. Re4 f3 54. Rxd4 Qxe6 55. Qxf3 Qg6+ 56. Rd3 Qxa6
57. Rd1 Qb6 58. a3 Qg6+ 59. Ka1 bxa3 60. Qxa3+ Qa6 61. Qxa6+ Kxa6 62. Ka2
Re3 63. Rd5 Rh3 64. b3 Kb6 65. Rg5 Ka6 66. Ka3 Rh4 67. b4 Kb6 68. Ka4 Rh6
69. Rg8 Rd6 70. Rb8+ Ka7 71. Rb5 Ka6 72. Re5 Kb6 1/2-1/2

[Event "XXIV Open"]
[Site "Cappelle La Grande FRA"]
[Date "2008.02.19"]
[Round "5"]
[White "Scetinin,A"]
[Black "Pereira,Rub"]
[Result "1-0"]
[WhiteElo "2208"]
[BlackElo "2423"]
[EventDate "2008.02.16"]

1. e4 c5 2. Nf3 d6 3. c3 Nf6 4. Bc4 Nc6 5. d3 g6 6. h4 Bg7 7. h5 Nxh5 8. d4
cxd4 9. cxd4 O-O 10. d5 Ne5 11. Be2 Nxf3+ 12. Bxf3 Nf6 13. Nc3 Qa5 14. Bh6
Bxh6 15. Rxh6 Bd7 16. Qd2 Rfc8 17. a3 b5 18. Rh4 Rab8 19. b4 Qb6 20. g4 Rc4
21. Ne2 Qd8 22. g5 Ne8 23. Qf4 e6 24. Kd2 e5 25. Qg3 h5 26. Bxh5 gxh5 27.
Rxh5 Ng7 28. Rh6 Qc7 29. Qh4 Kf8 30. g6 Rc2+ 31. Kd1 fxg6 32. Qf6+ Kg8 33.
Rxg6 Bg4 34. Rxg4 Rc8 35. Ke1 Rf8 36. Qe6+ Rf7 37. Rd1 a5 38. Rd3 Kf8 39.
Qh6 Kg8 40. Rh4 Kf8 41. Qe3 axb4 42. axb4 Kg8 43. Rc3 Rxc3 44. Qxc3 Qe7 45.
Qh3 Rf6 46. Rh8+ Kf7 47. Rh7 Qa7 48. Qh5+ Kf8 49. Rh8+ Ke7 50. Qg5 Qxf2+
51. Kd2 Ne8 52. Qg8 Rf8 53. Qe6+ Kd8 54. Rh7 Ng7 55. Qxd6+ Kc8 56. Qc6+ Kd8
1-0

[Event "XXIV Open"]
[Site "Cappelle La Grande FRA"]
[Date "2008.02.19"]
[Round "5"]
[White "Mandon,F"]
[Black "Zherebukh,Y"]
[Result "0-1"]
[WhiteElo "2186"]
[BlackElo "2420"]
[EventDate "2008.02.16"]

1. e4 c5 2. Nf3 d6 3. d4 cxd4 4. Nxd4 Nf6 5. Nc3 a6 6. Bc4 e6 7. Bb3 b5 8.
Bg5 Be7 9. Qf3 Qb6 10. O-O-O O-O 11. Rhe1 Qb7 12. Qg3 b4 13. Bxf6 Bxf6 14.
Na4 Qc7 15. f4 Nc6 16. Nxc6 Qxc6 17. Qd3 Be7 18. Qc4 Qb7 19. Qd4 Rb8 20.
Re3 Qc6 21. Rg3 g6 22. Kb1 Bd7 23. c3 a5 24. e5 Rfd8 25. exd6 Be8 26. Qa7
Bxd6 27. Rgd3 Bc7 28. Rxd8 Rxd8 29. Rxd8 Bxd8 30. Qd4 Be7 31. Qd2 Qb7 32.
Bd1 Bxa4 33. Bxa4 bxc3 34. Qxc3 Qxg2 35. a3 Qe4+ 36. Bc2 Qxf4 37. h3 Bf6
38. Qxa5 Qf1+ 39. Ka2 Qc1 0-1

[Event "XXIV Open"]
[Site "Cappelle La Grande FRA"]
[Date "2008.02.19"]
[Round "5"]
[White "Bardoux,T"]
[Black "Krivonosov,O"]
[Result "0-1"]
[WhiteElo "2179"]
[BlackElo "2418"]
[EventDate "2008.02.16"]

1. d4 d5 2. Nf3 Nf6 3. e3 e6 4. Bd3 Be7 5. O-O O-O 6. Nbd2 b6 7. b3 Bb7 8.
Bb2 c5 9. c4 cxd4 10. exd4 Nc6 11. Rc1 Rc8 12. Qe2 Re8 13. Bb1 Bf8 14. Rfd1
g6 15. Nf1 Bg7 16. Ne3 Ne7 17. Ne5 Nf5 18. N3g4 Nxg4 19. Qxg4 h5 20. Qe2
dxc4 21. bxc4 Qg5 22. Be4 Bxe4 23. Qxe4 Red8 24. f4 Qe7 25. Qf3 Qb4 26. Qb3
Qa5 27. h3 h4 28. a4 Qa6 29. Qb5 Qb7 30. d5 Rc5 31. Qb3 exd5 32. cxd5 Rcxd5
33. Rxd5 Qxd5 34. Qxd5 Rxd5 35. Rc8+ Kh7 36. Rc7 Rd1+ 37. Kh2 Bh6 38. Rxf7+
Kg8 39. Ba3 Bxf4+ 0-1

[Event "XXIV Open"]
[Site "Cappelle La Grande FRA"]
[Date "2008.02.19"]
[Round "5"]
[White "Klim,K"]
[Black "Zude,E"]
[Result "0-1"]
[WhiteElo "2154"]
[BlackElo "2409"]
[EventDate "2008.02.16"]

1. d4 d5 2. c4 dxc4 3. e3 Nf6 4. Bxc4 e6 5. Nf3 c5 6. O-O a6 7. a3 b5 8.
Ba2 Bb7 9. Qe2 Nbd7 10. Rd1 Qc7 11. Nc3 Bd6 12. e4 cxd4 13. Nxd4 Bxh2+ 14.
Kh1 Be5 15. Bxe6 fxe6 16. Nxe6 Qc4 17. Nxg7+ Kf8 18. Qxc4 bxc4 19. Bh6 Kf7
20. f3 Nc5 21. Nf5 Rhd8 22. Be3 Nd3 23. Rd2 Bc6 24. Bb6 Rd7 25. Ba5 Nc5 26.
Rxd7+ Bxd7 27. Rd1 Nd3 28. Rd2 Rb8 29. Nd1 Bxf5 30. exf5 Nd5 31. g4 Bf6 32.
Rc2 Rb5 33. Bd2 Nxb2 34. Ne3 Nxe3 35. Bxe3 Rb3 0-1

[Event "XXIV Open"]
[Site "Cappelle La Grande FRA"]
[Date "2008.02.19"]
[Round "5"]
[White "Foisor,O"]
[Black "Freidzon,D"]
[Result "1-0"]
[WhiteElo "2401"]
[BlackElo "2110"]
[EventDate "2008.02.16"]

1. d4 Nf6 2. c4 g6 3. Nc3 Bg7 4. e4 d6 5. f3 O-O 6. Bg5 c5 7. d5 Nbd7 8.
Qd2 a6 9. a4 Qa5 10. Ra3 Re8 11. Nh3 Nh5 12. Nf2 Ne5 13. Be2 Qb4 14. g4 Nf6
15. Qc2 Qa5 16. Bd2 Qc7 17. g5 Nh5 18. f4 Nd7 19. Qd1 Bxc3 20. Rxc3 Ng7 21.
Ng4 b5 22. Nh6+ Kf8 23. O-O e6 24. b3 exd5 25. exd5 Nf5 26. Nxf5 gxf5 27.
Rh3 Kg8 28. Bd3 Nf8 29. Bc3 f6 30. gxf6 Qf7 31. Rg3+ Ng6 32. h4 bxc4 33.
bxc4 Kh8 34. h5 Rg8 35. hxg6 Rxg6 36. Rxg6 Qxg6+ 37. Kf2 1-0

[Event "XXIV Open"]
[Site "Cappelle La Grande FRA"]
[Date "2008.02.19"]
[Round "5"]
[White "De Verdier,M"]
[Black "Marholev,D"]
[Result "1/2-1/2"]
[WhiteElo "2147"]
[BlackElo "2401"]
[EventDate "2008.02.16"]

1. d4 Nf6 2. Nf3 c5 3. d5 e6 4. c4 exd5 5. cxd5 d6 6. e4 Bg4 7. Nc3 Nbd7 8.
Be2 a6 9. a4 g6 10. O-O Bg7 11. Nd2 Bxe2 12. Qxe2 O-O 13. Nc4 Nb6 14. f3
Nxc4 15. Qxc4 Nd7 16. Be3 Rb8 17. a5 Ne5 18. Qe2 f5 19. exf5 gxf5 20. Qc2
Nc4 21. Bf2 Nxa5 22. Ne2 Qb6 23. Nf4 Nb3 24. Rad1 Nd4 25. Qd2 Rbe8 26. Ne6
Nxe6 27. dxe6 Qb3 28. Qxd6 Rxe6 29. Qxc5 Bxb2 30. Rb1 Re2 31. Qc7 Qf7 32.
Qg3+ Qg6 33. Qc7 b5 34. Rfe1 Be5 35. Qc5 Rxe1+ 36. Rxe1 Bg7 37. Qd5+ Qf7
38. Qc6 b4 39. Qxa6 b3 40. Qb6 b2 41. Bd4 Bxd4+ 42. Qxd4 Rb8 43. Qd3 Qa7+
44. Kf1 Qa2 45. Rb1 Rc8 46. Kf2 Qa7+ 47. Ke2 Qe7+ 48. Kf2 Rc1 49. Qb3+ Kf8
50. Qb8+ Kf7 51. Qb3+ Kg6 52. Qb6+ Kh5 53. g4+ fxg4 54. fxg4+ Kg5 55. Qb5+
Kxg4 56. Qa4+ Kh5 57. Qa5+ Rc5 58. Qd2 Rf5+ 59. Kg1 Rg5+ 60. Kf1 Qf7+ 61.
Qf2 Qc4+ 62. Qe2+ Rg4 63. Qxc4 Rxc4 64. Rxb2 Kh4 65. Kg2 h5 66. Rb3 Rc2+
67. Kg1 Rc4 68. Kg2 Kg4 69. Rg3+ Kf4 70. Rf3+ 1/2-1/2

[Event "XXIV Open"]
[Site "Cappelle La Grande FRA"]
[Date "2008.02.19"]
[Round "5"]
[White "Pekar,K"]
[Black "Plachetka,J"]
[Result "0-1"]
[WhiteElo "2141"]
[BlackElo "2400"]
[EventDate "2008.02.16"]

1. d4 Nf6 2. Nc3 d5 3. Bg5 Nbd7 4. Nf3 g6 5. e3 Bg7 6. Bd3 O-O 7. O-O c5 8.
Re1 b6 9. Bb5 Bb7 10. Ne5 Rc8 11. f4 a6 12. Be2 b5 13. Bg4 Nxg4 14. Qxg4
Nf6 15. Bxf6 exf6 16. Nf3 Re8 17. Rad1 b4 18. Na4 cxd4 19. Nxd4 f5 20. Qe2
Qa5 21. b3 Bc6 22. Nxc6 Rxc6 23. Qd2 Qb5 24. Qxd5 Rxc2 25. Rd2 Qxd5 26.
Rxd5 Rxa2 27. Kf1 Rc8 28. Re2 Ra3 29. Red2 Rxb3 30. Rd8+ Rxd8 31. Rxd8+ Bf8
32. Nc5 Rb1+ 33. Kf2 Kg7 34. Nxa6 b3 35. Rb8 Bd6 36. Rb6 Ba3 37. Nb4 Rc1
38. Nd3 b2 0-1

[Event "XXIV Open"]
[Site "Cappelle La Grande FRA"]
[Date "2008.02.19"]
[Round "5"]
[White "Aloma Vidal,R"]
[Black "Monsieux,S"]
[Result "1-0"]
[WhiteElo "2393"]
[BlackElo "2106"]
[EventDate "2008.02.16"]

1. d4 Nf6 2. Nf3 g6 3. c4 Bg7 4. Nc3 O-O 5. e4 d6 6. h3 c6 7. Be3 a6 8. Bd3
b5 9. O-O Nbd7 10. Rc1 e5 11. dxe5 Nxe5 12. Nxe5 dxe5 13. Bc5 Re8 14. a4
Nh5 15. Ne2 Qg5 16. Ng3 Nf4 17. cxb5 h5 18. Be3 h4 19. Qf3 Rd8 20. Bc4 cxb5
21. Bd5 Rb8 22. Ne2 Nxe2+ 23. Qxe2 Qe7 24. Bc5 Qg5 25. Qf3 Rd7 26. Bc6 bxa4
27. Bxd7 Bxd7 28. Qc3 Rb3 29. Be3 Qh5 30. Qd2 Bb5 31. Rc8+ Kh7 32. Qd8 Rxe3
33. fxe3 Bxf1 34. Kxf1 f5 35. Rc7 fxe4 36. Rf7 g5 37. Qd7 Qg6 38. Ke2 a5
39. Kd2 Kh6 40. Re7 Kh7 41. Kc3 Kh8 42. Rxg7 Qxg7 43. Qxg7+ Kxg7 44. Kc4 a3
45. bxa3 1-0

[Event "XXIV Open"]
[Site "Cappelle La Grande FRA"]
[Date "2008.02.19"]
[Round "5"]
[White "Chardin,T"]
[Black "Clery,N"]
[Result "0-1"]
[WhiteElo "2106"]
[BlackElo "2390"]
[EventDate "2008.02.16"]

1. d4 d6 2. Bg5 Nd7 3. e3 Ngf6 4. f4 g6 5. Bd3 Bg7 6. Nf3 b6 7. Nbd2 c5 8.
f5 Bb7 9. Qe2 d5 10. c3 Ne4 11. fxg6 hxg6 12. Bf4 Bf6 13. O-O-O e6 14. Bb5
a6 15. Bxd7+ Qxd7 16. dxc5 Nxc5 17. Nc4 e5 18. Nxb6 Qe6 19. Nxa8 Bxa8 20.
Bg3 O-O 21. Nd2 Rb8 22. c4 Na4 23. cxd5 Bxd5 24. Nb3 Be4 25. Rd2 Be7 26.
Kd1 Bb4 27. Be1 Rc8 28. Qf2 Bxd2 29. Qxd2 Qg4+ 30. Qe2 Nxb2+ 0-1

[Event "XXIV Open"]
[Site "Cappelle La Grande FRA"]
[Date "2008.02.19"]
[Round "5"]
[White "Tachikart,Y"]
[Black "Foisor,S"]
[Result "1/2-1/2"]
[WhiteElo "2098"]
[BlackElo "2386"]
[EventDate "2008.02.16"]

1. d4 g6 2. c4 Bg7 3. e4 c5 4. d5 d6 5. Nc3 Nf6 6. h3 O-O 7. Bd3 e6 8. Nf3
Na6 9. O-O Nc7 10. Re1 Rb8 11. Bg5 h6 12. Bh4 e5 13. a3 g5 14. Bg3 g4 15.
hxg4 Bxg4 16. Be2 Bd7 17. b4 cxb4 18. axb4 Nh5 19. Bh4 Bf6 20. g3 Ng7 21.
Bxf6 Qxf6 22. Nh4 Qg5 23. Qc1 a6 24. c5 Rbc8 25. Qxg5 hxg5 26. Nf3 Nge8 27.
c6 bxc6 28. dxc6 Bxc6 29. Bxa6 Rb8 30. b5 Ba8 31. Nxg5 f6 32. Nf3 f5 33.
Nd2 Ne6 34. Reb1 N8c7 35. b6 Nxa6 36. Rxa6 Nc5 37. Ra7 fxe4 38. Na4 Nxa4
39. Rxa4 d5 40. Rab4 Bb7 41. Nb3 Rfc8 42. Na5 Kf7 43. Nxb7 Rxb7 44. Rb5 Ke6
45. Kf1 Kd6 46. R5b2 Rc3 47. Ke2 d4 48. Rh1 e3 49. Rh6+ Kc5 50. Rh5 exf2
51. Rxe5+ Kd6 52. Rf5 Rxg3 53. Kxf2 Rbg7 54. Rbb5 1/2-1/2

[Event "XXIV Open"]
[Site "Cappelle La Grande FRA"]
[Date "2008.02.19"]
[Round "5"]
[White "Hamperl,F"]
[Black "Kanarek,M"]
[Result "0-1"]
[WhiteElo "2074"]
[BlackElo "2348"]
[EventDate "2008.02.16"]

1. e4 c5 2. Nc3 g6 3. f4 Bg7 4. Nf3 Nc6 5. Bc4 e6 6. O-O Nge7 7. d3 O-O 8.
a3 d5 9. Ba2 Nd4 10. Nxd4 cxd4 11. Ne2 dxe4 12. dxe4 Qb6 13. Kh1 Bd7 14. c3
Bc6 15. Nxd4 Bxe4 16. Qe2 Bd5 17. Be3 Qd8 18. Rfd1 Qb8 19. c4 Be4 20. Nb5
Nf5 21. Bc5 Qxf4 22. Rf1 Qh4 23. Bf2 Qf4 24. Bc5 Qh6 25. Kg1 Be5 26. Qxe4
Bxh2+ 27. Kf2 Qd2+ 28. Kf3 Rfd8 29. Rae1 Ng3 0-1

[Event "XXIV Open"]
[Site "Cappelle La Grande FRA"]
[Date "2008.02.19"]
[Round "5"]
[White "Zozulia,A"]
[Black "Pijpers,A"]
[Result "1-0"]
[WhiteElo "2344"]
[BlackElo "2051"]
[EventDate "2008.02.16"]

1. e4 c5 2. Nf3 d6 3. d4 cxd4 4. Nxd4 Nf6 5. Nc3 a6 6. f4 e5 7. Nf3 Nbd7 8.
Bd3 Be7 9. a4 O-O 10. O-O Nc5 11. Kh1 exf4 12. Bxf4 Bg4 13. Qd2 Rc8 14.
Rae1 Re8 15. Qf2 Be6 16. h3 Qb6 17. Rb1 d5 18. e5 Nfd7 19. Qg3 Nxd3 20.
cxd3 Nc5 21. Nd4 Nb3 22. Nf3 Nd4 23. Qf2 Bc5 24. Be3 Nf5 25. Bxc5 Qxc5 26.
d4 Qc4 27. g4 Nh6 28. Rbd1 b5 29. axb5 axb5 30. Ng5 b4 31. Na4 Qb3 32. Nc5
Qc4 33. Rc1 Qb5 34. Qc2 g6 35. Qd2 Kg7 36. Qf4 Rc6 37. Qf6+ Kg8 38. Ncxe6
fxe6 39. Nf7 1-0

[Event "XXIV Open"]
[Site "Cappelle La Grande FRA"]
[Date "2008.02.20"]
[Round "6"]
[White "Gulko,B"]
[Black "Li Shilong"]
[Result "1/2-1/2"]
[WhiteElo "2550"]
[BlackElo "2502"]
[EventDate "2008.02.16"]

1. d4 d5 2. c4 c6 3. Nf3 Nf6 4. Nc3 dxc4 5. a4 Bf5 6. e3 e6 7. Bxc4 Bb4 8.
O-O O-O 9. Qe2 Bg6 10. Ne5 Nbd7 11. Nxg6 hxg6 12. Rd1 Qa5 13. Qc2 Rac8 14.
Ne4 Nxe4 15. Qxe4 b5 16. Be2 bxa4 17. b3 Nb6 18. bxa4 Nd5 19. Bb2 Bc3 20.
Qc2 c5 21. dxc5 Rxc5 22. Bf3 Be5 23. Qe2 Nc3 1/2-1/2

[Event "XXIV Open"]
[Site "Cappelle La Grande FRA"]
[Date "2008.02.20"]
[Round "6"]
[White "Degraeve,JM"]
[Black "Papp,Ga"]
[Result "1/2-1/2"]
[WhiteElo "2535"]
[BlackElo "2484"]
[EventDate "2008.02.16"]

1. e4 c5 2. Nf3 d6 3. d4 cxd4 4. Nxd4 Nf6 5. Nc3 a6 6. Be3 e5 7. Nb3 Be6 8.
f3 Be7 9. Qd2 O-O 10. O-O-O a5 11. Bb5 Na6 12. Qe2 Qb8 13. Na4 d5 14. Bc5
Nxc5 15. Nbxc5 Qc7 16. exd5 Bxd5 17. Nd7 Nxd7 18. Rxd5 Nf6 19. Rxe5 Bd6 20.
Rf5 g6 21. Rxf6 Be5 22. Nb6 Rad8 23. Nd7 Rxd7 24. Bxd7 Bxf6 25. Bb5 Qf4+
26. Kb1 Qb4 27. c3 Bxc3 28. a3 Qb3 29. Qc2 1/2-1/2

[Event "XXIV Open"]
[Site "Cappelle La Grande FRA"]
[Date "2008.02.20"]
[Round "6"]
[White "Vavrak,P"]
[Black "Kanep,M"]
[Result "1/2-1/2"]
[WhiteElo "2472"]
[BlackElo "2523"]
[EventDate "2008.02.16"]

1. d4 Nf6 2. c4 e6 3. Nf3 c5 4. d5 b5 5. Bg5 exd5 6. cxd5 d6 7. e3 a6 8. a4
b4 9. Bc4 Be7 10. O-O a5 11. Nbd2 O-O 12. h3 Nbd7 13. e4 Nb6 14. Bxf6 Bxf6
15. Qc2 Rb8 16. Rad1 Nxc4 17. Nxc4 b3 18. Qc1 Ba6 19. e5 dxe5 20. Rfe1 Bxc4
21. Qxc4 Qd6 22. Nd2 Rb4 23. Qd3 Rd4 24. Qxb3 Rb8 25. Qc2 Qxd5 26. Nf3 Rxd1
27. Rxd1 Rxb2 28. Rxd5 Rxc2 29. Nxe5 g6 30. Nc6 c4 31. Rxa5 c3 32. Rc5 Ra2
33. a5 Kg7 34. g3 Kf8 35. Kg2 Ke8 36. Kf3 Kd7 37. Nb4 Rxf2+ 38. Kxf2 Bd4+
39. Ke2 Bxc5 40. Na2 Kc6 41. Kd3 c2 42. Kxc2 Kb5 43. Kd3 Kxa5 44. Ke4 f5+
45. Kd5 Be3 46. Nc3 Kb4 47. Ne2 Kb3 48. g4 f4 49. Ke4 g5 50. Ng3 fxg3 51.
Kxe3 Kc4 52. Kf3 Kd3 53. Kxg3 Ke3 54. Kg2 Ke2 55. Kg3 Ke3 56. Kg2 Ke2 57.
Kg3 Ke3 1/2-1/2

[Event "XXIV Open"]
[Site "Cappelle La Grande FRA"]
[Date "2008.02.20"]
[Round "6"]
[White "Danielian,E"]
[Black "Miroshnichenko,E"]
[Result "0-1"]
[WhiteElo "2480"]
[BlackElo "2647"]
[EventDate "2008.02.16"]

1. d4 Nf6 2. Nf3 g6 3. c4 Bg7 4. Nc3 O-O 5. Bg5 c5 6. d5 b5 7. cxb5 a6 8.
e4 axb5 9. Bxb5 Nxe4 10. Nxe4 Qa5+ 11. Nc3 Bxc3+ 12. bxc3 Qxb5 13. Nd2 Qd3
14. c4 f6 15. Be3 d6 16. Qe2 Qxe2+ 17. Kxe2 Ra3 18. Rhb1 Ba6 19. Rb3 Ra4
20. Kd3 Nd7 21. f4 Ra8 22. Bf2 Kf7 23. Kc3 h6 24. a3 g5 25. Bg3 f5 26. Rf1
Kg6 27. Re1 Nf6 28. Kb2 Kf7 29. Rf3 Bxc4 30. Nxc4 Rxc4 31. fxg5 hxg5 32.
Rxf5 Rb8+ 33. Ka2 Kg6 34. Rf2 Nxd5 35. Rb2 Nc3+ 36. Ka1 Ra8 37. Rb3 Ne4 38.
h4 Rca4 39. Kb2 Nd2 40. Rc3 gxh4 0-1

[Event "XXIV Open"]
[Site "Cappelle La Grande FRA"]
[Date "2008.02.20"]
[Round "6"]
[White "Papin,V"]
[Black "Moiseenko,A1"]
[Result "0-1"]
[WhiteElo "2475"]
[BlackElo "2643"]
[EventDate "2008.02.16"]

1. d4 Nf6 2. c4 e6 3. Nf3 d5 4. Nc3 dxc4 5. e4 Bb4 6. Bg5 c5 7. e5 cxd4 8.
Qa4+ Nc6 9. O-O-O Bd7 10. Ne4 Be7 11. exf6 gxf6 12. Bh4 Rc8 13. Kb1 e5 14.
Qxc4 O-O 15. Nfd2 Be6 16. Qa4 f5 17. Bxe7 Qxe7 18. Ng3 f4 19. Nge4 f5 20.
Bc4 fxe4 21. Nxe4 Kh8 22. Bxe6 Qxe6 23. Rhe1 Qg6 24. Qb5 Rc7 25. g3 fxg3
26. fxg3 a6 27. Qc5 Rcf7 28. Ka1 h6 29. Nd6 Rf2 30. Ne4 R2f3 31. Nd6 Qg7
32. Qb6 d3 33. Qxb7 Qxb7 34. Nxb7 Nd4 35. Kb1 Rf2 36. Nc5 d2 37. Rh1 Re2
38. Na4 Nf3 39. Nc3 Re1 40. Rf1 e4 41. Rf2 e3 42. Re2 Rxd1+ 43. Nxd1 Rc8
0-1

[Event "XXIV Open"]
[Site "Cappelle La Grande FRA"]
[Date "2008.02.20"]
[Round "6"]
[White "Kotronias,V"]
[Black "De la Villa Garcia,J"]
[Result "1-0"]
[WhiteElo "2628"]
[BlackElo "2460"]
[EventDate "2008.02.16"]

1. e4 e5 2. Nf3 Nc6 3. Bb5 Nd4 4. Nxd4 exd4 5. O-O c6 6. Ba4 Nf6 7. d3 d5
8. Bg5 dxe4 9. dxe4 Be7 10. Bb3 O-O 11. Bxf6 Bxf6 12. Qd3 a6 13. a4 b6 14.
Nd2 Ra7 15. f4 g6 16. Rae1 b5 17. Ra1 Qb6 18. f5 Kg7 19. g4 gxf5 20. gxf5
Kh8 21. Kh1 Re7 22. Rg1 c5 23. axb5 axb5 24. Bd5 Bb7 25. Bxb7 Qxb7 26. Rg4
Rg8 27. Rxg8+ Kxg8 28. Qg3+ Kh8 29. Qd6 Bg5 30. h4 h6 31. hxg5 Rxe4 32.
Qf8+ Kh7 33. Qxf7+ Qxf7 34. g6+ Kg7 35. gxf7 Re2 36. Nf3 Kxf7 37. Ra6 Rf2
38. Ne5+ Ke7 39. Re6+ 1-0

[Event "XXIV Open"]
[Site "Cappelle La Grande FRA"]
[Date "2008.02.20"]
[Round "6"]
[White "Shirazi,K"]
[Black "Savchenko,B"]
[Result "1-0"]
[WhiteElo "2422"]
[BlackElo "2589"]
[EventDate "2008.02.16"]

1. e4 c6 2. d4 d5 3. Nc3 dxe4 4. Nxe4 Bf5 5. Ng3 Bg6 6. h4 h6 7. Nf3 Nf6 8.
h5 Bh7 9. Bd3 Bxd3 10. Qxd3 e6 11. Ne4 Nbd7 12. Bd2 Be7 13. O-O-O O-O 14.
g4 Nxe4 15. Qxe4 Nf6 16. Qe2 Qd5 17. g5 Qxa2 18. c3 hxg5 19. Bxg5 Ba3 20.
h6 Ne4 21. hxg7 Qa1+ 22. Kc2 Qxb2+ 23. Kd3 Qxe2+ 24. Kxe2 Kxg7 25. Rdg1
Nxg5 26. Nxg5 Rfe8 27. Nh7+ 1-0

[Event "XXIV Open"]
[Site "Cappelle La Grande FRA"]
[Date "2008.02.20"]
[Round "6"]
[White "Spraggett,K"]
[Black "Zeberski,J"]
[Result "1-0"]
[WhiteElo "2588"]
[BlackElo "2398"]
[EventDate "2008.02.16"]

1. e4 e5 2. Nf3 Nc6 3. Bb5 a6 4. Ba4 Nf6 5. O-O Be7 6. Re1 b5 7. Bb3 d6 8.
c3 O-O 9. h3 Na5 10. Bc2 c5 11. d4 Nd7 12. Kh1 exd4 13. cxd4 Nc6 14. Nc3
Nxd4 15. Nxd4 cxd4 16. Qxd4 Qb6 17. Be3 Qxd4 18. Bxd4 Bb7 19. Bb3 Nf6 20.
Rad1 b4 21. Na4 Nd7 22. Nb6 Nxb6 23. Bxb6 a5 24. e5 a4 25. Bc4 Rac8 26.
exd6 Bxd6 27. b3 axb3 28. axb3 Rc6 29. Be3 Bb8 30. Bd5 Rc7 31. Bb6 Rd7 32.
Bc4 Rxd1 33. Rxd1 Bc6 34. Bc5 Rc8 35. Bxb4 Ba7 36. Kg1 g6 37. Kf1 Rb8 38.
Bc3 Bc5 39. Bf6 h5 40. h4 Kf8 41. g3 Rb6 42. Rd8+ Be8 43. Bg5 f6 44. Bf4
Ke7 45. Rc8 Bd6 46. Bxd6+ Rxd6 47. Ke2 g5 48. Rc7+ Kd8 49. Rc5 gxh4 50.
gxh4 Ke7 51. f4 Rd4 52. Ke3 Rd1 53. Rc7+ Kd6 54. Rc8 Bd7 55. Rh8 Re1+ 56.
Kd2 Re4 57. Rxh5 Rxf4 58. Ke3 Rg4 59. Rd5+ Kc6 60. Rd4 Rg3+ 61. Kf2 Rc3 62.
Rd3 Rc2+ 63. Kg3 Kc7 64. Rf3 f5 65. h5 Rc1 66. Rf1 Rc3+ 67. Kh4 Rc2 68. Kg5
Rg2+ 69. Kf6 Rh2 70. Bf7 Kd6 71. Rd1+ Kc7 72. Bg6 f4 73. Rf1 Rh4 74. Rc1+
Kd6 75. Rd1+ Kc7 76. Rd4 Bc6 77. Kg5 Rh3 78. Rxf4 Rxb3 79. h6 Rg3+ 80. Kf6
Rh3 81. Kg7 1-0

[Event "XXIV Open"]
[Site "Cappelle La Grande FRA"]
[Date "2008.02.20"]
[Round "6"]
[White "Martinez Martin,D"]
[Black "Rozentalis,E"]
[Result "1/2-1/2"]
[WhiteElo "2395"]
[BlackElo "2567"]
[EventDate "2008.02.16"]

1. d4 Nf6 2. c4 e6 3. Nc3 Bb4 4. Qc2 O-O 5. a3 Bxc3+ 6. Qxc3 d6 7. f3 Qe7
8. Nh3 e5 9. dxe5 dxe5 10. Nf2 Nc6 11. e3 a5 12. b3 Nd7 13. Bb2 Nc5 14. Nd3
Re8 15. Be2 Bf5 16. Nxc5 Qxc5 17. Kf2 Rad8 18. Rhd1 Bg6 19. Rxd8 Rxd8 20.
Rd1 Rxd1 21. Bxd1 Qd6 22. Be2 b6 23. Ke1 f6 24. Qd2 Kf8 25. Qxd6+ cxd6 26.
Kd2 Ke7 27. Kc3 h5 28. Bc1 Kd7 29. Bd2 Kc7 30. Be1 Nd8 31. Bf2 Ne6 32. b4
axb4+ 33. axb4 Kc6 34. Bd1 Nc7 35. e4 b5 36. Bb3 Bf7 37. Kd3 Be6 1/2-1/2

[Event "XXIV Open"]
[Site "Cappelle La Grande FRA"]
[Date "2008.02.20"]
[Round "6"]
[White "Czerwonski,A"]
[Black "Gharamian,T"]
[Result "0-1"]
[WhiteElo "2388"]
[BlackElo "2558"]
[EventDate "2008.02.16"]

1. d4 Nf6 2. c4 e6 3. Nf3 c5 4. d5 b5 5. Bg5 Qa5+ 6. Nbd2 bxc4 7. Bxf6 gxf6
8. e4 Rg8 9. Bxc4 Rxg2 10. Nh4 Rg8 11. Qh5 Rg5 12. Qxh7 Ba6 13. dxe6 dxe6
14. O-O-O Bxc4 15. Nxc4 Qa6 16. b3 Nc6 17. Kb2 Rb8 18. Nd6+ Bxd6 19. Rxd6
Qe2+ 20. Kc1 Nd4 21. Rxd4 cxd4 22. Qh8+ Kd7 23. Qxb8 Rc5+ 24. Kb1 Qxe4+ 25.
Kb2 Rc2+ 26. Ka3 Qxh1 27. Qxa7+ Kc8 28. Qxd4 Qc1+ 29. Kb4 Qd2+ 30. Qxd2
Rxd2 31. a4 Rd4+ 0-1

[Event "XXIV Open"]
[Site "Cappelle La Grande FRA"]
[Date "2008.02.20"]
[Round "6"]
[White "David,Alb"]
[Black "Delekta,P"]
[Result "1/2-1/2"]
[WhiteElo "2557"]
[BlackElo "2291"]
[EventDate "2008.02.16"]

1. e4 e6 2. d4 d5 3. Nc3 dxe4 4. Nxe4 Bd7 5. Nf3 Bc6 6. Bd3 Nd7 7. O-O Ngf6
8. Ned2 Be7 9. c3 O-O 10. Qe2 b6 11. Nc4 Bb7 12. Rd1 Qc8 13. Bf4 Nd5 14.
Bg3 Ba6 15. Nfe5 Nxe5 16. dxe5 Rd8 17. h4 Bxc4 18. Bxc4 c6 19. Bd3 Qc7 20.
c4 Nb4 21. Be4 Rxd1+ 22. Qxd1 Na6 23. Qh5 g6 24. Qf3 Nc5 25. Bc2 Rd8 26. b4
Nd7 27. Qc3 Nf8 28. a3 c5 29. h5 Rd4 30. Rd1 Rxd1+ 31. Bxd1 cxb4 32. axb4
a5 33. bxa5 bxa5 34. hxg6 Nxg6 35. Bc2 Bc5 36. Kf1 Qb6 37. Qb3 Qxb3 38.
Bxb3 Bd4 39. f4 Be3 40. Be1 Bxf4 41. Bxa5 Nxe5 42. c5 Nc6 43. Bb6 Nb4 44.
Ba5 Nc6 45. Bb6 Nb4 46. Ke2 Kf8 47. Kf3 Bb8 48. Ke4 Ke7 49. g4 h6 50. Bc4
Kd7 51. Bb5+ Ke7 52. Bc4 Bh2 53. Ba5 Nc6 54. Bd2 Bg1 55. Bb5 Na7 56. Ba4
1/2-1/2

[Event "XXIV Open"]
[Site "Cappelle La Grande FRA"]
[Date "2008.02.20"]
[Round "6"]
[White "Grooten,H"]
[Black "Dervishi,E"]
[Result "0-1"]
[WhiteElo "2375"]
[BlackElo "2543"]
[EventDate "2008.02.16"]

1. d4 Nf6 2. c4 e6 3. Nc3 d5 4. cxd5 exd5 5. Bg5 Be7 6. e3 O-O 7. Bd3 Nbd7
8. Qc2 Re8 9. Nge2 Nf8 10. h3 a6 11. O-O-O b5 12. Bxf6 Bxf6 13. e4 dxe4 14.
Bxe4 Rb8 15. Kb1 g6 16. g4 Bg7 17. Bc6 Bd7 18. d5 Bxc6 19. dxc6 Qf6 20. Nd5
Qxf2 21. Rd2 Rbd8 22. Nef4 Re1+ 23. Rd1 Rxh1 24. Rxh1 Qxc2+ 25. Kxc2 Ne6
26. Nxe6 fxe6 27. Nb4 a5 28. Na6 Rd6 29. Nb8 Kf7 30. b3 Ke7 31. h4 Bd4 32.
h5 g5 33. h6 e5 34. Rh5 Be3 35. b4 a4 36. Na6 Rxc6+ 37. Kd3 Bf4 38. Nc5
Rd6+ 39. Ke4 Rd4+ 40. Kf5 e4 41. a3 e3 42. Rh1 Bg3 43. Ne4 Rd5+ 0-1